[Event "Botvinnick"]
[Site "Quebec CAN"]
[Date "2018.02.19"]
[Round "4"]
[White "Fecteau, Martin"]
[Black "Bluteau, Yvon"]
[Result "0-1"]
[WhiteElo "1984"]
[BlackElo "1767"]
[PlyCount "98"]
[EventDate "2018.01.29"]
[EventType "swiss"]
[EventRounds "5"]
[EventCountry "CAN"]

1. d4 d5 2. c4 e6 3. Nf3 Nf6 4. g3 Be7 5. Bg2 O-O 6. O-O c6 7. b3 Ne4 8. Bb2
Nd7 9. Nbd2 Ndf6 10. Qc2 Bd7 11. Ne5 Nxd2 12. Qxd2 Be8 13. Qc2 Nd7 14. Nd3 Rc8
15. Rac1 Nf6 16. Ne5 Bd7 17. c5 Ne8 18. b4 f6 19. Nd3 Nc7 20. h4 Be8 21. Nf4 g5
22. hxg5 fxg5 23. Nd3 Bg6 24. Qd2 Bf6 25. Ne5 Bxe5 26. dxe5 Qe7 27. e3 Rf7 28.
f4 Rcf8 29. Rf2 Ne8 30. Bf1 a6 31. a4 Ng7 32. Rh2 Be4 33. Bd3 Bxd3 34. Qxd3 Nf5
35. Rg2 Rg7 36. Bc3 Qf7 37. Be1 gxf4 38. exf4 Rg4 39. b5 axb5 40. axb5 Kh8 41.
bxc6 bxc6 42. Bf2 Rfg8 43. Kf1 Qh5 44. Ke1 Rxf4 45. gxf4 Rxg2 46. Qe2 Qh2 47.
Qf3 Ng3 48. Qa3 Qh1+ 49. Kd2 Rxf2+ 0-1

[Event "Botvinnick"]
[Site "Quebec CAN"]
[Date "2018.02.19"]
[Round "4"]
[White "Garneau, Benoit"]
[Black "Tremblay, Rejean"]
[Result "0-1"]
[WhiteElo "1782"]
[BlackElo "2240"]
[PlyCount "42"]
[EventDate "2018.01.29"]
[EventType "swiss"]
[EventRounds "5"]
[EventCountry "CAN"]

1. e4 e6 2. d4 d5 3. Nc3 Nf6 4. Bg5 Be7 5. e5 Nfd7 6. Bxe7 Qxe7 7. f4 O-O 8.
Nf3 c5 9. dxc5 Nc6 10. Qd2 Nxc5 11. O-O-O f6 12. g3 fxe5 13. Nxe5 Nxe5 14. fxe5
a6 15. Bh3 Kh8 16. Rhf1 Bd7 17. Kb1 b5 18. Ne2 Ne4 19. Qe3 Qg5 20. Nf4 Qxe5 21.
Nxd5 Rxf1 0-1

[Event "Botvinnick"]
[Site "Quebec CAN"]
[Date "2018.02.19"]
[Round "4"]
[White "Gaulin, Gaetan"]
[Black "Potvin, Alain-Nicolas"]
[Result "1/2-1/2"]
[WhiteElo "1947"]
[BlackElo "1790"]
[PlyCount "70"]
[EventDate "2018.01.29"]
[EventType "swiss"]
[EventRounds "5"]
[EventCountry "CAN"]

1. Nf3 Nf6 2. d4 g6 3. e3 Bg7 4. Bd3 d6 5. b3 Nc6 6. Bb2 O-O 7. a3 Qe8 8. c4 e5
9. dxe5 dxe5 10. e4 Bg4 11. h3 Bxf3 12. Qxf3 Nd4 13. Bxd4 exd4 14. O-O Nd7 15.
Nd2 Ne5 16. Qe2 f5 17. exf5 Nxd3 18. Qxd3 Rxf5 19. Rae1 Re5 20. Nf3 Rxe1 21.
Rxe1 Qd7 22. c5 b6 23. cxb6 axb6 24. a4 c5 25. Qc4+ Kh8 26. Rd1 Re8 27. Kf1 h6
28. Qd3 Kh7 29. Re1 Rxe1+ 30. Kxe1 Qe6+ 31. Kf1 Bf6 32. Nd2 Kg7 33. Nf3 Bd8 34.
Nd2 Bc7 35. Nf3 Bf4 1/2-1/2

[Event "Botvinnick"]
[Site "Quebec CAN"]
[Date "2018.02.19"]
[Round "4"]
[White "Glode, Martin"]
[Black "Lessard, Claude"]
[Result "1-0"]
[WhiteElo "1896"]
[BlackElo "2118"]
[PlyCount "75"]
[EventDate "2018.01.29"]
[EventType "swiss"]
[EventRounds "5"]
[EventCountry "CAN"]

1. e4 c6 2. d3 d5 3. Nd2 e5 4. Ngf3 Bd6 5. d4 exd4 6. exd5 cxd5 7. Bb5+ Nc6 8.
O-O a6 9. Bd3 Nge7 10. Nb3 Bg4 11. Re1 Bxf3 12. Qxf3 O-O 13. Bf4 Bxf4 14. Qxf4
Ng6 15. Qf5 Qd6 16. Rad1 Rfe8 17. Rxe8+ Rxe8 18. Bf1 Nf4 19. Nxd4 g6 20. Qg4
Nxd4 21. Rxd4 Ne6 22. Rd2 Rd8 23. g3 b5 24. h4 h5 25. Qf3 Qe5 26. c3 d4 27. Qd1
Kg7 28. Bh3 f5 29. Re2 Qd6 30. Rd2 b4 31. cxd4 Nxd4 32. Bg2 Nf3+ 33. Qxf3 Qxd2
34. Qb7+ Rd7 35. Qxa6 Qxb2 36. Qe6 Qd4 37. Bc6 Qd6 38. Qxd7+ 1-0

[Event "Botvinnick"]
[Site "Quebec CAN"]
[Date "2018.02.26"]
[Round "5"]
[White "Beauchesne, Jonathan"]
[Black "Fecteau, Martin"]
[Result "0-1"]
[WhiteElo "1810"]
[BlackElo "1984"]
[PlyCount "110"]
[EventDate "2018.01.29"]
[EventType "swiss"]
[EventRounds "5"]
[EventCountry "CAN"]

1. e4 g6 2. d4 Bg7 3. Be3 d6 4. Nc3 c6 5. Qd2 a5 6. Nge2 b5 7. a3 Nf6 8. f3 Bb7
9. Nc1 O-O 10. Nd3 Nbd7 11. Be2 Nb6 12. b3 a4 13. O-O Nfd7 14. Bh6 Bxd4+ 15.
Kh1 Bg7 16. Bxg7 Kxg7 17. f4 axb3 18. cxb3 e5 19. f5 d5 20. exd5 Nxd5 21. Nxd5
cxd5 22. Nb4 Nf6 23. Bxb5 Qb6 24. Ba4 d4 25. Rac1 Rac8 26. fxg6 fxg6 27. Rxc8
Rxc8 28. Qg5 Qd6 29. Nd3 Ba6 30. Rc1 Rxc1+ 31. Nxc1 Ne4 32. Qh4 d3 33. Nxd3
Bxd3 34. Bc6 Qf6 35. Qxf6+ Kxf6 36. Kg1 Ke6 37. b4 Kd6 38. Bb7 Kc7 39. Bd5 Nc3
40. Bg8 g5 41. Kf2 Kb6 42. Be6 Kb5 43. Bd7+ Kc4 44. Be6+ Kd4 45. Bg8 e4 46. Ke1
e3 47. Bf7 Bb5 48. Bb3 Ba4 49. Bxa4 Nxa4 50. b5 Kd3 51. h3 Nb6 52. g3 h5 53. h4
g4 54. Kd1 e2+ 55. Ke1 Na4 0-1

[Event "Botvinnick"]
[Site "Quebec CAN"]
[Date "2018.02.26"]
[Round "5"]
[White "Bluteau, Yvon"]
[Black "Gaulin, Gaetan"]
[Result "1/2-1/2"]
[WhiteElo "1767"]
[BlackElo "1947"]
[PlyCount "73"]
[EventDate "2018.01.29"]
[EventType "swiss"]
[EventRounds "5"]
[EventCountry "CAN"]

1. Nf3 d5 2. b3 Nf6 3. Bb2 g6 4. e3 Bg7 5. Be2 O-O 6. O-O c5 7. d4 Ne4 8. Nbd2
Nc6 9. c3 cxd4 10. cxd4 Bf5 11. a3 Rc8 12. b4 a5 13. b5 Nb8 14. Nxe4 Bxe4 15.
Rc1 Qd6 16. Qb3 Nd7 17. Nd2 Bf5 18. a4 Nf6 19. Ba3 Qe6 20. Bd3 Bxd3 21. Qxd3 b6
22. Qb3 Qd7 23. Qb2 Rfe8 24. Rxc8 Rxc8 25. Rc1 e6 26. Rc2 Ne8 27. Qc1 Rxc2 28.
Qxc2 Bf8 29. Bxf8 Kxf8 30. g3 Ke7 31. Kg2 Nd6 32. Nf3 f6 33. Nd2 Qc8 34. Qxc8
Nxc8 35. Kf3 Nd6 36. Ke2 Kd7 37. Kd3 1/2-1/2

[Event "Botvinnick"]
[Site "Quebec CAN"]
[Date "2018.02.26"]
[Round "5"]
[White "Cossette, Daniel"]
[Black "Garneau, Benoit"]
[Result "1-0"]
[WhiteElo "2078"]
[BlackElo "1782"]
[PlyCount "53"]
[EventDate "2018.01.29"]
[EventType "swiss"]
[EventRounds "5"]
[EventCountry "CAN"]

1. e4 c5 2. Nf3 g6 3. c4 Bg7 4. d4 cxd4 5. Nxd4 Nc6 6. Be3 Nf6 7. Nc3 d6 8. Be2
O-O 9. O-O Bd7 10. f3 a6 11. Qd2 Rc8 12. Rac1 Re8 13. Rfd1 Ne5 14. b3 Qa5 15.
Qb2 Nc6 16. Nxc6 Bxc6 17. b4 Qh5 18. Qd2 Bd7 19. Bf1 b5 20. c5 dxc5 21. Bxc5
Be6 22. Be3 Red8 23. Qxd8+ Rxd8 24. Rxd8+ Bf8 25. Ne2 Kg7 26. Rc5 Nd5 27. exd5
1-0

[Event "Botvinnick"]
[Site "Quebec CAN"]
[Date "2018.02.26"]
[Round "5"]
[White "Laprade, Jean jr"]
[Black "Flor, Gerson"]
[Result "1-0"]
[WhiteElo "1675"]
[BlackElo "1408"]
[PlyCount "37"]
[EventDate "2018.01.29"]
[EventType "swiss"]
[EventRounds "5"]
[EventCountry "CAN"]

1. e4 e6 2. d4 d5 3. Nd2 c5 4. exd5 Qxd5 5. Ndf3 cxd4 6. Qxd4 Nf6 7. Bc4 Qe4+
8. Qxe4 Nxe4 9. Nd2 Bb4 10. c3 Nxd2 11. Bxd2 Bc5 12. Nf3 O-O 13. O-O b6 14. Bf4
Ba6 15. Bxa6 Nxa6 16. Rfd1 Rfd8 17. Kf1 Rac8 18. Ke2 Rd7 19. Rxd7 1-0

[Event "Botvinnick"]
[Site "Quebec CAN"]
[Date "2018.02.26"]
[Round "5"]
[White "Potvin, Alain-Nicolas"]
[Black "Chouinard, Marc"]
[Result "1-0"]
[WhiteElo "1790"]
[BlackElo "1601"]
[PlyCount "43"]
[EventDate "2018.01.29"]
[EventType "swiss"]
[EventRounds "5"]
[EventCountry "CAN"]

1. d4 Nf6 2. Nf3 d6 3. Nc3 Nbd7 4. e4 e5 5. Bc4 Be7 6. Ng5 O-O 7. Bxf7+ Rxf7 8.
Ne6 Qe8 9. Nxc7 Qd8 10. Nxa8 Nf8 11. dxe5 dxe5 12. Qxd8 Bxd8 13. O-O Ne6 14.
Be3 Nd4 15. Bxd4 exd4 16. Nb5 Ne8 17. Nxd4 Bf6 18. Rad1 b6 19. e5 Be7 20. Nc6
Bb7 21. Nxe7+ Rxe7 22. Rd8 1-0

[Event "Botvinnick"]
[Site "Quebec CAN"]
[Date "2018.02.26"]
[Round "5"]
[White "Tremblay, Rejean"]
[Black "Glode, Martin"]
[Result "1-0"]
[WhiteElo "2240"]
[BlackElo "1896"]
[PlyCount "67"]
[EventDate "2018.01.29"]
[EventType "swiss"]
[EventRounds "5"]
[EventCountry "CAN"]

1. d4 d5 2. c4 e6 3. Nf3 c6 4. Qc2 Nf6 5. Bg5 Nbd7 6. Nbd2 Be7 7. e3 Ne4 8.
Bxe7 Qxe7 9. Nxe4 dxe4 10. Nd2 f5 11. c5 e5 12. Nc4 O-O 13. Nd6 b6 14. O-O-O
exd4 15. exd4 bxc5 16. dxc5 Ne5 17. Qc3 Ng4 18. Bc4+ Be6 19. Rd2 Bxc4 20. Qxc4+
Kh8 21. Qe2 Qe5 22. Rc2 Qe6 23. Kb1 Rab8 24. f3 Nf6 25. fxe4 fxe4 26. Re1 Nd5
27. Qxe4 Qf6 28. Rec1 Rb4 29. Qe2 Rfb8 30. g3 a5 31. Ka1 Ne3 32. Qxe3 Rxb2 33.
Qc3 Rxc2 34. Rxc2 1-0

[Event "British Columbia op"]
[Site "Richmond CAN"]
[Date "2018.02.10"]
[Round "1.1"]
[White "Sohal, Tanraj"]
[Black "Huang, Patrick"]
[Result "1/2-1/2"]
[WhiteElo "2373"]
[BlackElo "2057"]
[PlyCount "87"]
[EventDate "2018.02.10"]
[EventType "swiss"]
[EventRounds "6"]
[EventCountry "CAN"]

1. Nf3 c5 2. c4 Nc6 3. Nc3 g6 4. g3 Bg7 5. Bg2 e5 6. O-O Nge7 7. d3 O-O 8. Ne1
d6 9. Nc2 Be6 10. Ne3 Qd7 11. Ned5 Bh3 12. Rb1 Bxg2 13. Kxg2 f5 14. f4 Nxd5 15.
Nxd5 Nb4 16. Nc3 Rae8 17. a3 Qc6+ 18. Kg1 Na6 19. e3 Nc7 20. Bd2 exf4 21. gxf4
d5 22. Qf3 d4 23. Qxc6 bxc6 24. exd4 Bxd4+ 25. Kg2 Re7 26. Rfe1 Rfe8 27. Rxe7
Rxe7 28. Kf3 Kf7 29. b4 Ne6 30. b5 Bxc3 31. Bxc3 cxb5 32. Rxb5 Nd4+ 33. Bxd4
cxd4 34. Kf2 Re3 35. Rb7+ Ke6 36. Rxh7 Rxd3 37. Rxa7 Rc3 38. Ra6+ Kf7 39. Ra4
Rc2+ 40. Ke1 Rxh2 41. c5 Rc2 42. Rxd4 Rxc5 43. Kd2 g5 44. fxg5 1/2-1/2

[Event "British Columbia op"]
[Site "Richmond CAN"]
[Date "2018.02.10"]
[Round "1.2"]
[White "Li, James"]
[Black "Morozov, Grigory"]
[Result "0-1"]
[WhiteElo "2056"]
[BlackElo "2352"]
[PlyCount "62"]
[EventDate "2018.02.10"]
[EventType "swiss"]
[EventRounds "6"]
[EventCountry "CAN"]

1. c4 e6 2. Nf3 d5 3. g3 Nf6 4. b3 c5 5. Bb2 Nc6 6. Bg2 d4 7. O-O e5 8. e3 Be7
9. exd4 exd4 10. d3 Bf5 11. Re1 Nd7 12. Na3 Nb4 13. Bxd4 cxd4 14. Nxd4 Bg6 15.
Bxb7 Rb8 16. Nab5 O-O 17. Nc6 Nxc6 18. Bxc6 a6 19. Nc3 Bb4 20. Qc1 Nc5 21. Rd1
Nxd3 22. Qc2 Qf6 23. Nd5 Qxc6 24. Rxd3 Bxd3 25. Qxd3 Rfe8 26. a3 Bf8 27. b4
Rbc8 28. Ne3 g6 29. Re1 Bh6 30. c5 Rcd8 31. Qc3 Qf3 0-1

[Event "British Columbia op"]
[Site "Richmond CAN"]
[Date "2018.02.10"]
[Round "1.4"]
[White "Ferguson, Peter"]
[Black "Doknjas, John"]
[Result "0-1"]
[WhiteElo "2011"]
[BlackElo "2296"]
[PlyCount "52"]
[EventDate "2018.02.10"]
[EventType "swiss"]
[EventRounds "6"]
[EventCountry "CAN"]

1. d4 Nf6 2. Bg5 c6 3. c3 d5 4. Bxf6 gxf6 5. Qc2 e5 6. e3 c5 7. dxc5 Bxc5 8.
Nd2 Be6 9. Bd3 Qb6 10. b4 Be7 11. e4 a5 12. exd5 Bxd5 13. Ngf3 axb4 14. cxb4
Nc6 15. O-O Nxb4 16. Qb1 Rxa2 17. Rxa2 Bxa2 18. Qb2 O-O 19. Be4 Rd8 20. Ra1 Bd5
21. Qb1 Bxe4 22. Nxe4 Nd5 23. Qc2 f5 24. Ng3 e4 25. Ne5 Qf6 26. Nc4 Qxa1+ 0-1

[Event "British Columbia op"]
[Site "Richmond CAN"]
[Date "2018.02.10"]
[Round "1.5"]
[White "Doknjas, Joshua"]
[Black "Cheng, Louis"]
[Result "1-0"]
[WhiteElo "2263"]
[BlackElo "1994"]
[PlyCount "67"]
[EventDate "2018.02.10"]
[EventType "swiss"]
[EventRounds "6"]
[EventCountry "CAN"]

1. e4 c5 2. Nf3 d6 3. d4 cxd4 4. Nxd4 Nf6 5. Nc3 a6 6. h3 b5 7. g4 Bb7 8. Bg2
g6 9. Be3 Bg7 10. Qd2 Qa5 11. O-O Qc7 12. g5 Nfd7 13. Nd5 Bxd5 14. exd5 Nb6 15.
Qa5 N8d7 16. Rae1 O-O 17. Nc6 Rfe8 18. b3 Qb7 19. f4 Rac8 20. Bf2 Nc5 21. Bxc5
dxc5 22. Nxe7+ Rxe7 23. d6 Bd4+ 24. Kh2 Rxe1 25. Bxb7 Re2+ 26. Kg3 Rce8 27.
Qxb6 h5 28. gxh6 g5 29. d7 R8e3+ 30. Bf3 gxf4+ 31. Kg4 f5+ 32. Kh5 c4 33. d8=Q+
Kf7 34. Qg6# 1-0

[Event "British Columbia op"]
[Site "Richmond CAN"]
[Date "2018.02.10"]
[Round "1.6"]
[White "Palamakumbura, Sudharaka"]
[Black "MacKinnon, Keith"]
[Result "0-1"]
[WhiteElo "1965"]
[BlackElo "2262"]
[PlyCount "104"]
[EventDate "2018.02.10"]
[EventType "swiss"]
[EventRounds "6"]
[EventCountry "CAN"]

1. e4 d5 2. exd5 Qxd5 3. Nc3 Qd6 4. Nf3 Nf6 5. Be2 a6 6. d3 b5 7. a4 b4 8. Ne4
Qd8 9. Bf4 Nbd7 10. Ne5 Nxe5 11. Bxe5 Nd7 12. Bg3 g6 13. Bf3 Rb8 14. c3 Bg7 15.
d4 O-O 16. O-O h6 17. Nd2 e5 18. Nc4 bxc3 19. bxc3 exd4 20. cxd4 Rb4 21. Ne5
Nxe5 22. dxe5 Qg5 23. Re1 Rd8 24. Qc2 Qe7 25. Rac1 Bf5 26. Qc6 a5 27. h3 Rbd4
28. Qb5 Qb4 29. Qxb4 axb4 30. Rxc7 b3 31. Rb7 Bc2 32. a5 Ra4 33. Rb5 Ra2 34.
Bd5 Rxd5 35. Rxd5 b2 36. Rb5 Ra1 37. f4 Rxe1+ 38. Bxe1 b1=Q 39. Rxb1 Bxb1 40.
a6 Bf8 41. Bf2 Bb4 42. g3 Be4 43. Bd4 Be1 44. g4 Bd2 45. f5 gxf5 46. gxf5 Bxf5
47. a7 Be4 48. Kf2 Kh7 49. Kg3 Kg6 50. h4 Kf5 51. Kh3 h5 52. Kg3 Bf4+ 0-1

[Event "British Columbia op"]
[Site "Richmond CAN"]
[Date "2018.02.10"]
[Round "1.7"]
[White "Kenney, Jason"]
[Black "Doknjas, Neil"]
[Result "1-0"]
[WhiteElo "2247"]
[BlackElo "1897"]
[PlyCount "113"]
[EventDate "2018.02.10"]
[EventType "swiss"]
[EventRounds "6"]
[EventCountry "CAN"]

1. d4 d5 2. c4 e6 3. Nc3 Nf6 4. cxd5 exd5 5. Bg5 Be7 6. e3 O-O 7. Bd3 c6 8. Qc2
Nbd7 9. Nge2 Re8 10. O-O Nf8 11. f3 b6 12. Rad1 Bb7 13. h3 c5 14. Qd2 Bc6 15.
Bxf6 Bxf6 16. dxc5 bxc5 17. Bb5 Bxb5 18. Nxb5 Qe7 19. Nec3 Qxe3+ 20. Qxe3 Rxe3
21. Nc7 Rb8 22. N7xd5 Re6 23. Nxf6+ Rxf6 24. Rf2 Rfb6 25. b3 Ne6 26. Na4 Rc6
27. Rc2 g6 28. Rd7 a6 29. Kf2 Rb4 30. Nb2 Rd4 31. Ra7 Kg7 32. Nc4 Kf8 33. Rxf7+
Kxf7 34. Ne5+ Kf6 35. Nxc6 Rd6 36. Na5 Rd5 37. Nc4 Ke7 38. Re2 Kf6 39. Ne3 Rd4
40. Ng4+ Ke7 41. g3 h5 42. Ne5 Kf6 43. Nxg6 Ng5 44. Nf4 Kf5 45. h4 Nf7 46. Nxh5
Ne5 47. Nf4 c4 48. bxc4 Nxc4 49. Ne6 Rd6 50. g4+ Kf6 51. Ng5 Rb6 52. f4 Nb2 53.
h5 Rb4 54. Re6+ Kg7 55. h6+ Kf8 56. Rf6+ Kg8 57. h7+ 1-0

[Event "British Columbia op"]
[Site "Richmond CAN"]
[Date "2018.02.10"]
[Round "1.8"]
[White "Escandor, Manuel Omana"]
[Black "Sali, Zulfikar"]
[Result "0-1"]
[WhiteElo "1891"]
[BlackElo "2233"]
[PlyCount "56"]
[EventDate "2018.02.10"]
[EventType "swiss"]
[EventRounds "6"]
[EventCountry "CAN"]

1. e4 c5 2. Nf3 g6 3. Bc4 Nc6 4. Nc3 Bg7 5. O-O a6 6. a4 e6 7. Re1 Nge7 8. d3
O-O 9. Bg5 h6 10. Bxe7 Qxe7 11. e5 d5 12. exd6 Qxd6 13. Ne4 Qe7 14. c3 Rd8 15.
Qe2 b6 16. Rad1 Bb7 17. Qe3 Qc7 18. Ng3 Rd7 19. Ne2 Rad8 20. Nf4 Kh7 21. Bb3 e5
22. Ne2 f5 23. g3 Ne7 24. Kf1 f4 25. gxf4 Nf5 26. Ng5+ hxg5 27. Qh3+ Nh4 28.
fxg5 Bg2+ 0-1

[Event "British Columbia op"]
[Site "Richmond CAN"]
[Date "2018.02.10"]
[Round "1.9"]
[White "Nyamdorj, Davaa-Ochir"]
[Black "James, Rowan"]
[Result "1-0"]
[WhiteElo "2223"]
[BlackElo "1862"]
[PlyCount "131"]
[EventDate "2018.02.10"]
[EventType "swiss"]
[EventRounds "6"]
[EventCountry "CAN"]

1. e4 e5 2. Nf3 Nc6 3. Bb5 a6 4. Ba4 Nf6 5. O-O Be7 6. Re1 b5 7. Bb3 O-O 8. a4
b4 9. d4 d6 10. dxe5 Nxe5 11. Nxe5 dxe5 12. Nd2 Bc5 13. Qe2 a5 14. Bc4 Qe7 15.
Nb3 Bb6 16. Be3 Bxe3 17. Qxe3 Be6 18. Bxe6 Qxe6 19. Qc5 Nd7 20. Qxc7 Rac8 21.
Qa7 Rxc2 22. Nxa5 Rxb2 23. Rec1 Nf6 24. f3 Ra2 25. Qb7 Rxa1 26. Rxa1 Qd6 27.
Nc6 Qc5+ 28. Kh1 b3 29. Qb5 Qxb5 30. axb5 b2 31. Rf1 Ra8 32. Na5 b1=Q 33. Rxb1
Rxa5 34. b6 Ra8 35. b7 Rb8 36. Rc1 Rf8 37. Rc8 Nd7 38. Kg1 f6 39. Kf2 Kf7 40.
Ke2 Ke7 41. Kd3 Rd8 42. Kc3 Nb8 43. Kb4 Kd7 44. Rc1 Nc6+ 45. Kb5 Nd4+ 46. Kb6
Ke6 47. Rc8 Rd6+ 48. Kc5 Nb3+ 49. Kb5 Nd4+ 50. Kc5 Nb3+ 51. Kb5 Nd4+ 52. Kc4
Nc6 53. Kc5 Kd7 54. g4 Rd1 55. Rxc6 Rc1+ 56. Kd5 Rb1 57. Rc8 Rxb7 58. Rg8 Rb5+
59. Kc4 Rb2 60. Rxg7+ Ke6 61. Rxh7 Rf2 62. Rh6 Rxf3 63. g5 Re3 64. Rxf6+ Ke7
65. Kd5 Rh3 66. Rh6 1-0

[Event "British Columbia op"]
[Site "Richmond CAN"]
[Date "2018.02.10"]
[Round "1.10"]
[White "Cachelin, Justin"]
[Black "Hemstapat, Andrew"]
[Result "0-1"]
[WhiteElo "1860"]
[BlackElo "2166"]
[PlyCount "101"]
[EventDate "2018.02.10"]
[EventType "swiss"]
[EventRounds "6"]
[EventCountry "CAN"]

1. e4 e6 2. d4 d5 3. e5 c5 4. Nf3 Nc6 5. c3 Bd7 6. Be2 Nge7 7. dxc5 Ng6 8. O-O
Bxc5 9. b4 Bb6 10. Bg5 Qc7 11. Na3 Ncxe5 12. Nb5 Nxf3+ 13. gxf3 Qe5 14. Qd2 O-O
15. f4 Qb8 16. f5 exf5 17. Qxd5 Bxb5 18. Bxb5 f4 19. Rfe1 Qc7 20. c4 h6 21.
Bxh6 Bxf2+ 22. Kxf2 gxh6 23. Rg1 Kh7 24. c5 Qe7 25. Bd3 Rad8 26. Rxg6 fxg6 27.
Qe4 Qxe4 28. Bxe4 Rd7 29. Rg1 Rf6 30. a4 Re6 31. Kf3 Kg7 32. Bf5 Re3+ 33. Kxf4
Rde7 34. Rxg6+ Kf7 35. Rxh6 Re1 36. Rh7+ Kg8 37. Rxe7 Rxe7 38. b5 Rc7 39. Ke5
Rxc5+ 40. Ke4 Rc4+ 41. Kd5 Rxa4 42. Bc8 Ra5 43. Kc4 b6 44. h3 Ra1 45. Kd5 Rc1
46. Bd7 Kf7 47. Kd6 Rc5 48. Bc6 Kf6 49. Kc7 Ke7 50. h4 Ke6 51. Kb7 {Time.} 0-1

[Event "British Columbia op"]
[Site "Richmond CAN"]
[Date "2018.02.10"]
[Round "2.1"]
[White "Morozov, Grigory"]
[Black "McLaren, Brian"]
[Result "1-0"]
[WhiteElo "2352"]
[BlackElo "2157"]
[PlyCount "111"]
[EventDate "2018.02.10"]
[EventType "swiss"]
[EventRounds "6"]
[EventCountry "CAN"]

1. d4 f5 2. Bg5 h6 3. Bh4 g5 4. Bg3 d6 5. e3 Nf6 6. Bc4 e6 7. Nd2 Nc6 8. c3 Bd7
9. f3 Qe7 10. Ne2 Bg7 11. b4 e5 12. d5 Nd8 13. e4 O-O 14. Qc2 fxe4 15. fxe4 Nf7
16. Nf1 Nh5 17. Bf2 Nf4 18. Ne3 h5 19. h4 Nxe2 20. Bxe2 g4 21. Nf1 Nh6 22. Be3
Qf7 23. Ng3 Qg6 24. Qd2 Kh7 25. Bd3 Kh8 26. c4 b6 27. Ke2 Rf7 28. c5 Raf8 29.
a4 Ng8 30. Nf5 Ne7 31. Nxg7 Kxg7 32. g3 Rf3 33. Rhg1 Ng8 34. a5 bxc5 35. bxc5
a6 36. c6 Bc8 37. Rg2 Qf6 38. Rag1 Rf1 39. Qc2 Qf3+ 40. Kd2 Rxg1 41. Rxg1 Nf6
42. Ba7 Rf7 43. Ke1 Rf8 44. Qe2 Rf7 45. Qe3 Kf8 46. Rf1 Qxe3+ 47. Bxe3 Ne8 48.
Rg1 Kg7 49. Ke2 Kg6 50. Rb1 Rf8 51. Rb8 Nf6 52. Ba7 Kf7 53. Rb7 Bxb7 54. cxb7
Nd7 55. Bxa6 Nb8 56. Bb5 1-0

[Event "British Columbia op"]
[Site "Richmond CAN"]
[Date "2018.02.10"]
[Round "2.3"]
[White "Doknjas, John"]
[Black "Patterson, Roger"]
[Result "1-0"]
[WhiteElo "2296"]
[BlackElo "2116"]
[PlyCount "63"]
[EventDate "2018.02.10"]
[EventType "swiss"]
[EventRounds "6"]
[EventCountry "CAN"]

1. d4 Nf6 2. c4 c6 3. Nc3 d5 4. Nf3 dxc4 5. e4 b5 6. e5 Nd5 7. a4 e6 8. axb5
Nxc3 9. bxc3 cxb5 10. Ng5 Bb7 11. Qg4 Bd5 12. Be2 h6 13. Ne4 Nc6 14. Nd6+ Bxd6
15. Qxg7 Rf8 16. exd6 Qxd6 17. Ra6 b4 18. O-O O-O-O 19. f3 f5 20. cxb4 Rg8 21.
Qxh6 Qxb4 22. Qf4 Rd7 23. Be3 Rdg7 24. g3 Qb2 25. Bxc4 Nb4 26. Ra5 Bxc4 27.
Rc5+ Kb7 28. Rxc4 Nd5 29. Qd6 Qb3 30. Qc6+ Kb8 31. Bd2 a5 32. Rc5 1-0

[Event "British Columbia op"]
[Site "Richmond CAN"]
[Date "2018.02.10"]
[Round "2.4"]
[White "Verdon, Norman"]
[Black "Doknjas, Joshua"]
[Result "1/2-1/2"]
[WhiteElo "2152"]
[BlackElo "2263"]
[PlyCount "85"]
[EventDate "2018.02.10"]
[EventType "swiss"]
[EventRounds "6"]
[EventCountry "CAN"]

1. d4 d5 2. c4 c6 3. cxd5 cxd5 4. Nc3 Nf6 5. Bf4 Nc6 6. e3 Bg4 7. f3 Bd7 8. Bb5
e6 9. Nge2 Nh5 10. O-O Nxf4 11. Nxf4 Bd6 12. Nd3 O-O 13. a3 Be8 14. f4 Qc7 15.
Rc1 a6 16. Bxc6 Bxc6 17. Ne5 Rac8 18. b4 Be8 19. Qd2 Qb8 20. Nf3 f5 21. Qb2 Bh5
22. Ng5 Rfe8 23. Na4 h6 24. Nh3 b6 25. Nf2 Qb7 26. Nd3 Rc4 27. Qd2 Rec8 28.
Nab2 R4c6 29. Kf2 Be8 30. Rxc6 Rxc6 31. Rc1 Qc8 32. Rxc6 Qxc6 33. g3 Qc7 34.
Qc1 Qxc1 35. Nxc1 a5 36. Ncd3 Bb5 37. Ke1 axb4 38. axb4 Kf7 39. Kd2 Kg6 40. Ke1
Kf6 41. Kf2 Ke7 42. Ke1 g5 43. Kf2 1/2-1/2

[Event "British Columbia op"]
[Site "Richmond CAN"]
[Date "2018.02.10"]
[Round "2.5"]
[White "MacKinnon, Keith"]
[Black "Zhu, Brandon"]
[Result "1-0"]
[WhiteElo "2262"]
[BlackElo "2081"]
[PlyCount "111"]
[EventDate "2018.02.10"]
[EventType "swiss"]
[EventRounds "6"]
[EventCountry "CAN"]

1. e4 d6 2. d4 Nf6 3. Nc3 g6 4. Nf3 Bg7 5. h3 O-O 6. Be2 c6 7. a4 Nbd7 8. Be3
Qc7 9. a5 e5 10. dxe5 Nxe5 11. Nd2 d5 12. f4 Ned7 13. e5 Ne8 14. Nf3 Bh6 15.
Qd2 Ng7 16. Nd4 Ne6 17. Nxe6 fxe6 18. h4 c5 19. Nb5 Qd8 20. c3 Bg7 21. Bg4 Nxe5
22. fxe5 Bxe5 23. Bxc5 Bg3+ 24. Ke2 Rf4 25. Bf3 Rxh4 26. Rxh4 Qxh4 27. Qd4 Qg5
28. Nd6 Bd7 29. Qh8+ Kxh8 30. Nf7+ Kg7 31. Nxg5 h6 32. Nh3 Bb5+ 33. Kd2 e5 34.
Bf2 Bxf2 35. Nxf2 e4 36. Be2 e3+ 37. Ke1 exf2+ 38. Kxf2 Bxe2 39. Kxe2 Re8+ 40.
Kd3 Re4 41. Ra3 b5 42. a6 Kf6 43. Ra5 Ra4 44. Rxb5 Rxa6 45. Rxd5 g5 46. c4 h5
47. c5 h4 48. Kc4 Re6 49. Rd2 a6 50. Kd5 Ke7 51. Rc2 Rh6 52. c6 Kd8 53. Rf2 Kc7
54. Rf7+ Kb6 55. Rb7+ Ka5 56. c7 1-0

[Event "British Columbia op"]
[Site "Richmond CAN"]
[Date "2018.02.10"]
[Round "2.6"]
[White "Van, Anna"]
[Black "Kenney, Jason"]
[Result "0-1"]
[WhiteElo "1605"]
[BlackElo "2247"]
[PlyCount "102"]
[EventDate "2018.02.10"]
[EventType "swiss"]
[EventRounds "6"]
[EventCountry "CAN"]

1. e4 c6 2. d4 d5 3. exd5 cxd5 4. Bd3 Nc6 5. c3 Qc7 6. Nf3 Bg4 7. Nbd2 e6 8.
Qb3 Bd6 9. O-O Nge7 10. Re1 O-O-O 11. h3 Bh5 12. a4 h6 13. g4 Bg6 14. Qc2 Nb4
15. cxb4 Qxc2 16. Bxc2 Bxc2 17. b5 Kd7 18. Ne5+ Ke8 19. Nf1 f6 20. Nf3 Kd7 21.
Bd2 g5 22. Ng3 Rhf8 23. Re2 Bxg3 24. fxg3 Be4 25. Nh2 Rc8 26. Bc3 Rh8 27. Nf1
h5 28. gxh5 Rxh5 29. Rh2 Rch8 30. Kf2 Rxh3 31. Rxh3 Rxh3 32. Re1 f5 33. Bd2 f4
34. gxf4 gxf4 35. b4 Nf5 36. Bc3 Rxc3 37. Nd2 Rc2 38. Rd1 Ne3 39. Ke2 Nxd1 40.
Kxd1 Ra2 41. a5 f3 42. Nxf3 Bxf3+ 43. Ke1 e5 44. dxe5 d4 45. b6 axb6 46. axb6
d3 47. e6+ Ke7 48. b5 Kxe6 49. Kf1 Re2 50. Kg1 d2 51. Kf1 d1=Q# 0-1

[Event "British Columbia op"]
[Site "Richmond CAN"]
[Date "2018.02.10"]
[Round "2.7"]
[White "Sali, Zulfikar"]
[Black "Chung, Alec"]
[Result "1-0"]
[WhiteElo "2233"]
[BlackElo "1797"]
[PlyCount "97"]
[EventDate "2018.02.10"]
[EventType "swiss"]
[EventRounds "6"]
[EventCountry "CAN"]

1. Nf3 Nf6 2. g3 g6 3. Bg2 Bg7 4. c4 O-O 5. O-O d5 6. d4 c6 7. Nc3 Nbd7 8. Bf4
Re8 9. Ne5 Nb6 10. c5 Nbd7 11. b4 Nxe5 12. Bxe5 Be6 13. Rb1 Qd7 14. Re1 Bh3 15.
Bh1 Ng4 16. Bxg7 Kxg7 17. Qd2 e5 18. f3 Nf6 19. e3 Bf5 20. Rb3 Re7 21. Bg2 Bh3
22. Bh1 Rae8 23. Ne2 e4 24. f4 b5 25. cxb6 axb6 26. Rc1 b5 27. Rbc3 Rc8 28. Bg2
Bg4 29. Bf1 Qb7 30. R1c2 Bxe2 31. Bxe2 Nd7 32. Qc1 Re6 33. Qf1 Rb8 34. Qc1 Rc8
35. g4 h6 36. Bf1 f5 37. Bh3 Kf6 38. Qe1 Nb8 39. Qh4+ Kg7 40. gxf5 Rf6 41. Rg2
Rg8 42. fxg6 Rxg6 43. Rcc2 Qf7 44. Kh1 Kh7 45. Qh5 Rf8 46. Rxg6 Qxg6 47. Qe5
Qf7 48. Rg2 Nd7 49. Bf5+ 1-0